000 00491 a2200157 4500
999 _c7341
_d7341
020 _a9780340731512
050 _aDA267. WAR 2011
100 _aWard, Chris,
_d1948-
_eauthor
245 _a Stalin's Russia /
_cChris Ward
264 _aLondon : Arnold ; New York :
_bOxford University Press,
_c1999.
300 _axxvi, 278 pages : maps ; 24 cm.
440 _aReading history.
500 _alncludes index
650 _aSoviet Union
_x History -- 1925-1953.
942 _2lcc
_cBK
_h267
_iWAR
_kDK